000 00344nam a2200133Ia 4500
008 220204s9999 xx 000 0 und d
082 _a581.132
_bCOO
245 0 _aTechniques in bioproductivity and photosynthesis
260 _aOxford
_bPergamon
_c1982
650 _aPhotosynthesis
700 _aCoombs, J
700 _aHall, D O
942 _cBK
999 _c37013
_d37013